Une histoire des mathématiques: routes et dédales
Uloženo v:
| Hlavní autoři: | , |
|---|---|
| Médium: | Kniha |
| Jazyk: | francouzština |
| Vydáno: |
París
Seuil
1986
|
| Edice: | Points.Sciences, 49
|
| Témata: | |
| Tagy: |
Přidat tag
Žádné tagy, Buďte první, kdo vytvoří štítek k tomuto záznamu!
|
MARC
| LEADER | 00000nam a2200000 a 4500 | ||
|---|---|---|---|
| 001 | UCR0341 | ||
| 003 | CL-VaPUC | ||
| 008 | 971205e19860000FR |||||||||||||||||fre|d | ||
| 082 | 0 | 4 | |a 510.9 |b DAH |2 21 |
| 100 | 0 | |a Dahan-Dalmedico, Amy |e author |9 395875 | |
| 700 | 0 | |a Peiffer, Jeanne |e author |9 395876 | |
| 245 | 1 | 4 | |a Une histoire des mathématiques: routes et dédales |
| 300 | |a 308 p | ||
| 942 | |c BK | ||
| 945 | |d 19971205 00:00:00 |a jquezada | ||
| 260 | |a París |b Seuil |c 1986 | ||
| 650 | 0 | |a Matemática |9 260235 | |
| 650 | 0 | |a Historia |9 255047 | |
| 650 | 0 | |a Filosofía |9 223554 | |
| 650 | 0 | |a Álgebra |9 259567 | |
| 650 | 0 | |a Geometría |9 264063 | |
| 650 | 0 | |a Funciones |9 263869 | |
| 650 | 0 | |a Ejercicios |9 269807 | |
| 583 | |a last modification |c 19971205 00:00:00 |k Rodrigo Vera | ||
| 490 | 0 | |a Points.Sciences, 49 | |
| 999 | |c 263880 |d 263878 | ||
| 952 | |0 0 |1 0 |4 0 |6 510_900000000000000_DAH_1986 |7 0 |8 A |9 293366 |a BIBMAT |b BIBMAT |d 2019-11-19 |i 3374866 |o 510.9 DAH 1986 |p 3374866 |r 2025-01-07 |w 2019-11-19 |y BK |k MAT | ||